000 00581nam a2200193Ia 4500
003 GCL
008 140319s9999 xx 000 0 ara d
040 _aGCL /
_cGCL
082 0 4 _a920.71
_bم م
100 1 _aمحمود السعدنى
245 1 0 _aمسافر على الرصيف /
_cمحمود السعدنى
260 _a[S.N] :
_bمركز الاهرام للترجمة والنشر ،
_c1994
300 _a111 ص
490 _a
650 0 4 _aالادب العربى
650 0 4 _aالتراجم الذاتية
650 0 4 _aالادباء العرب
942 _2ddc
_cBK
999 _c32598
_d32598